000 01108nam a2200325 i 4500
001 000005239
003 DO-SdBNP
005 20260514112418.0
007 ta
008 090818s2008 dr a 000 p spa d
020 _a9789945068740
040 _aDO-SdBNP
_bspa
_cBNPHU
_erda
041 _aspa
082 4 _aRD861.44
_bE92j
_222
100 1 _aEvangelista, Enriquillo,
_d1933-
_eautor
_914948
_4aut.
245 1 0 _aJuventud sin verdes prados :
_bobra poética 1958-2008 /
_cEnriquillo Evangelista.
250 _aPrimera edición
264 _aSanto Domingo, República Dominicana :
_bEditorial Santuario,
_c2008.
300 _a140 páginas :
_bilustraciones ;
_c21 cm.
336 _atexto
_btxt
_2rdacontent
337 _asin mediación
_bn
_2rdamedia
338 _avolumen
_bnc
_2rdacarrier
490 0 _aSantuario ;
_v38
500 _aIncluye datos biográficos del autor en la contracubierta.
590 _aInventariado, 2022/MFF
650 4 _aPoesía dominicana
_966
650 4 _aLiteratura dominicana.
_y1958-2008
_967
910 _aValidado. Control de calidad. MMOLINA
942 _2ddc
_cLBS1
999 _c5040
_d5040